000 00617nam a2200229 a 4500
001 BRL_946
005 20190320210950.0
008 281013s1976----u--a######---#000-0#eng-#
020 _a0716620022
041 _aeng
044 _au
050 4 _aGT4987
_b.C47 1976
245 1 0 _aChristmas in Mexico
260 _aChicago, Illinois
_bWorld Book Encyclopedia
_c1976
300 _a80 p.
_bil.
_c29 cm.
500 _aAu1029
650 1 4 _aNavidad
_zMéxico
_925400
650 1 4 _aFestividades religiosas
_zMéxico
_925401
650 1 4 _aNacimiento (escenas de Natividad)
_zMéxico
_94380
902 _aGRL
942 _2lcc
_cB
999 _c9758
_d9758